Statistics for Guess the Taylor Swift Song (no hints) 19

Click here to take the quiz!

General Stats

  • This quiz has been taken 119 times
  • The average score is 356 of 417

Answer Stats

Answer% Correct
I
100%
(I
100%
You
99%
you
99%
you,
99%
you)
99%
a
98%
and
97%
And
97%
me
97%
the
97%
it
96%
your
96%
(to
95%
to
95%
what
95%
my
94%
you're
94%
You're
94%
are
93%
don't
93%
in
93%
at
92%
At
92%
If
92%
if
92%
Of
92%
of
92%
on
92%
so
92%
That
92%
I'm
91%
(I'm
91%
not
91%
say
91%
say?
91%
say)
91%
for
90%
too
90%
(but
89%
but
89%
But
89%
mad
89%
can
88%
know
88%
this
88%
can't
87%
like
87%
mine
87%
as
86%
look
86%
(look
86%
(oh)
86%
'Cause
85%
her
85%
just
85%
make
85%
should
85%
by
84%
face
84%
face,
84%
face)
84%
got
84%
have
84%
think
84%
way
84%
way)
84%
made
82%
about
81%
I'll
81%
that's
81%
us
81%
feel
80%
(feel
80%
makes
80%
than
80%
anything
79%
here
79%
sad,
79%
nothing
78%
take
78%
There's
78%
You've
78%
you've
78%
(gorgeous)
77%
gorgeous
77%
gorgeous)
77%
hate
77%
He's
77%
he's
77%
talk
77%
Alone,
76%
being
75%
more
75%
wanna
75%
yeah
75%
back
74%
compliment
74%
much
74%
much)
74%
come
73%
consequence
73%
drunk
73%
everyone
73%
eyes
73%
furious
73%
furious)
73%
hand
73%
home
73%
hurts
73%
hurts)
73%
making
73%
room
73%
room,
73%
room)
73%
club
72%
doing,
72%
fun
72%
little
72%
magnetic
72%
strong
72%
girlfriend,
71%
jealous
71%
life,
71%
might
71%
older
71%
single
71%
turns
71%
worse
71%
along
70%
blue
70%
boyfriend,
70%
cats
70%
cool,
70%
die
70%
looking
70%
field
69%
ruined
69%
talking
69%
actually
68%
happy,
68%
honestly
68%
unless
68%
dark
67%
(dark
67%
Guess
67%
ice,
67%
touching
67%
Whisky
67%
drown
66%
Ocean
66%
sink
66%
Sunset
66%
Vine
65%
(Honey,
64%
stumble
64%
darkened
61%
(mmh)
23%

Score Distribution

Percentile by Number Answered

Percent of People with Each Score

Your Score History

You have not taken this quiz